|
|
|
|
| LEADER |
02061nam a2200397 a 4500 |
| 001 |
mzk03001073799 |
| 003 |
CZ BrMZK |
| 005 |
20090723092243.0 |
| 007 |
ta |
| 008 |
090723s1561 fr fr|||||00| ||latod |
| 040 |
|
|
|a BOA001
|b cze
|
| 041 |
0 |
|
|a lat
|a grc
|
| 072 |
|
7 |
|a 094
|x Staré tisky
|2 Konspekt
|9 12
|
| 080 |
|
|
|a (0.068)094
|2 MRF
|
| 100 |
1 |
|
|a Roussard, Louis,
|d -1567
|7 mzk2010575278
|4 aut
|
| 245 |
1 |
0 |
|a Ivs Civile Manuscriptorvm Librorvm Ope :
|b Svmma Diligentia & integerrima fide infinitis locis emendatum, & perpetuis notis illustratum /
|c L. Rvssardo I.C. antecessore in celeberrima Biturigum schola, auctore: consilio Tamen et autoritate Fran. Dvareni I. C. qui summaria in Pandectas praescripsit, Nouellasque Constitutiones ad optimum Graecum exemplar collatas, antiquae integritati restituit
|
| 260 |
|
|
|a Lvgd. :
|b Apvd G. Rovillivm, svb scvto veneto,
|c 1561
|
| 300 |
|
|
|a [32], 748, [6] s. ;
|c 2°
|
| 500 |
|
|
|a Výzdoba: Titulní strana tištěna v ornamentální, figurální borduře, vlysy, iniciály, text tištěn dvousloupcově
|
| 501 |
|
|
|a Obsahuje: Přívazek Codicis Dn. Ivstiniani Sacratissimi Principis ... / Louis Roussard
|
| 546 |
|
|
|a V latinském textu řecké pasáže
|
| 561 |
|
|
|a Provenience: [exlibris] Bibliothecae Wesseliensis 41
|
| 563 |
|
|
|a Původní kožená vazba, lepenka, vepřovice s rostlinným slepotiskem v rámcích, druhotně nalepený zlacený kožený hřbet
|
| 655 |
|
7 |
|a staré tisky
|7 fd422076
|2 czenas
|
| 700 |
0 |
|
|a Justinián
|b I.,
|c byzantský císař,
|d asi 483-565
|7 jn20000700782
|4 ant
|
| 700 |
1 |
|
|a Douaren, François,
|d 1509-1559
|7 xx0097952
|4 oth
|
| 903 |
|
|
|a RP
|
| 910 |
|
|
|a BOA001
|b CH-0004.818
|
| 978 |
|
|
|b Gaultier de Rouillé, Philippe
|a Lyon
|c 1561
|
| 984 |
|
|
|a Lyon
|b Francie
|
| 985 |
|
|
|a 1551-1600
|
| 990 |
|
|
|a BK
|
| 993 |
|
|
|a Y
|
| 991 |
|
|
|k mzk
|
| 996 |
6 |
|
|b 2610388591
|c CH-0004.818
|l stud. ST
|r Sklad / do násl. otevíracího dne
|n 0
|h Bib.V.H.1
|w 001089748
|x 9
|u 000010
|a 1
|e BOA001
|s P
|
| 994 |
|
|
|a DN
|l MZK03
|b 001073800
|m záznam 1. díla (pro objednání pokračujte kliknutím)
|n přívazek
|